| 000 | 00660cam a2200217 4500 | ||
|---|---|---|---|
| 001 | D5908 | ||
| 008 | 090401t xxu||||| |||| 00| 0 eng d | ||
| 035 | _a(Sirsi) u75506 | ||
| 041 | _aeng | ||
| 050 | _a692.507 | ||
| 110 |
_aInstitute of Quantity Surveyors Research and Development Sub-Committee _92496 |
||
| 245 | 4 | _aThe future training and role of quantity surveyors in multi-discipline industrial engineering projects | |
| 260 |
_aLondon _bIQS _c1977? |
||
| 300 |
_a14 leaves _c30cm |
||
| 350 | _a0 | ||
| 650 | _aMULTI-DISCIPLINARY PRACTICES | ||
| 650 | _aQUANTITY SURVEYORS | ||
| 690 |
_aQuantity surveying _96263 |
||
| 942 | _n0 | ||
| 948 | _c04/03/1997 | ||
| 999 |
_c96029 _d96029 |
||